Después de muertos (notice nᵒ 11288)
[ vue normale ]
| 000 -Sello discográfico | |
|---|---|
| campo de control de longitud fija | 00899nam a2200301 4500 |
| 005 - Identificación de versión | |
| campo de control | 20251017062750.0 |
| 010 ## - Número Estándar Internacional de Libros (ISBN) | |
| Número (ISBN) | 968-27-0914-8 |
| 035 ## - Otros números de control del sistema | |
| Número de control del sistema | 5120 |
| 099 ## - fechas locales | |
| Tipo de ítem Koha | LIBRO |
| 100 ## - Datos de procesamiento general | |
| Datos de procesamiento general | 20040430d2003 m y1spay5003 ba |
| 105 ## - Campo de datos codificados: Material textual, monográfico | |
| Datos codificados de monografía | y 001ay |
| 200 1# - Título y mención de responsabilidad | |
| Título propio | Después de muertos |
| Designación general del material | texto impreso |
| Otra información del título | novela |
| Primer mención de responsabilidad | David Martín del Campo |
| 205 ## - Declaración de edición | |
| Declaración de edición | 1a ed |
| 210 ## - Publicación, distribución, etc. | |
| Lugar de publicación, distribución, etc. | México |
| Nombre del editor, distribuidor, etc. | Editorial Joaquín Mortiz |
| Fecha de publicación, distribución, etc. | 2003 |
| 215 ## - Descripción física | |
| Designación de material específico y extensión del ítem | 430 p |
| Dimensiones | 23 cm |
| 300 ## - Notas generales | |
| Texto de la nota | La historia de un peregrinaje deslumbrante, rabioso, lleno de ternura |
| 345 ## - Nota de información de adquisición | |
| Fuente de adquisición/dirección de la suscripción [OBSOLETO] | Donación |
| 410 #1 - Series | |
| Título | Narradores contemporáneos |
| 606 ## - Término temático usado como materia | |
| Elemento de entrada | Novela mexicana |
| Subdivisión cronológica | Siglo XX |
| Número Koha | 64 |
| 700 ## - Nombre personal - Responsabilidad primaria | |
| Elemento de entrada | Martín del Campo |
| Parte del nombre distinta del elemento de entrada | David |
| Fechas | 1952- |
| Número Koha | 5527 |
| 801 #0 - Fuente de origen | |
| Agencia | cm |
| 900 ## - | |
| -- | 1/7311 |
| 900 ## - | |
| -- | 7100419076\300404 |
| 942 ## - ELEMENTOS DE ENTRADA SECUNDARIOS (KOHA) | |
| Tipo de ítem Koha | Livre |
| 996 ## - | |
| -- | MEX |
| -- | 751145101 |
| -- | MMAG |
| -- | 006419 |
| -- | 863.4 M379D |
| -- | 20220511LIV |
| Estatus retirado | Estado de daño | Estado de pérdida | Fecha de adquisición | Biblioteca de origen | Biblioteca actual | Ubicación en estantería | Código de barras | Precio de reemplazo | Signatura topográfica completa | No para préstamo | Tipo de ítem Koha | Nota pública | Nota no pública |
|---|---|---|---|---|---|---|---|---|---|---|---|---|---|
| 05/08/2025 | Casa México Paris | Casa México Paris | 006419 | 05/08/2025 | 863.4 M379D | Livre | 20220511LIV | 751145101 |